| 000 | 00612nam a2200205Ia 4500 | ||
|---|---|---|---|
| 003 | GCL | ||
| 008 | 140319s9999 xx 000 0 ara d | ||
| 040 |
_aGCL / _cGCL |
||
| 082 | 0 | 4 |
_aم _b320.03 _bش م |
| 100 | 1 | _aدوهاميل، اوليفية | |
| 245 | 1 | 0 |
_aمعجم المؤلفات السياسية / _cدوهاميل، اوليفية |
| 700 | 1 | _aشاتلية، فرنسوا | |
| 700 | 1 | _aبيزية، ايفلين | |
| 300 | _a1236 ص | ||
| 490 | _a | ||
| 650 | 0 | 4 | _aالمعاجم |
| 650 | 0 | 4 | _aالسياسة - معاجم |
| 650 | 0 | 4 | _aالكتب السياسية - معاجم |
| 942 |
_2ddc _cBK |
||
| 999 |
_c52281 _d52281 |
||